000 00370nam a2200157Ia 4500
003 Ost
005 20260225132552.0
008 260225s9999||||xx |||||||||||||| ||und||
040 _cfsic
041 _afre
082 _a338.9
100 _aKhalfa Mameri
_eAuteur
245 0 _aReflexions sur la constitution algérienne /
245 0 _cKhalfa Mameri
942 _cكتاب
999 _c34186
_d34186